Estudios sobre la Iglesia española medieval (Record no. 71237)
[ view plain ]
| 000 -LEADER | |
|---|---|
| campo de control de longitud fija | 00786nam a2200205 i 4500 |
| 001 - NÚMERO DE CONTROL | |
| campo de control | 71237 |
| 003 - IDENTIFICADOR DE NÚMERO DE CONTROL | |
| campo de control | ES-MaACL |
| 005 - FECHA Y HORA DE LA ÚLTIMA TRANSACCIÓN | |
| campo de control | 20251116063055.0 |
| 007 - CAMPO FIJO DE DESCRIPCIÓN FÍSICA--INFORMACIÓN GENERAL | |
| campo de control de longitud fija | t| |
| 008 - DATOS DE LONGITUD FIJA--INFORMACIÓN GENERAL | |
| campo de control de longitud fija | 040806s1929 sp ||||1| spa d |
| 100 1# - ENTRADA PRINCIPAL--NOMBRE DE PERSONA | |
| Nombre de persona | Gavira Martín, José, |
| Fechas asociadas al nombre | 1903-1951 |
| 9 (RLIN) | 56090 |
| 245 10 - MENCIÓN DEL TÍTULO | |
| Título | Estudios sobre la Iglesia española medieval |
| Resto del título | : episcopologías de sedes navarro-aragonesas durante los siglos XI y XII / |
| Mención de responsabilidad, etc. | por José Gavira Martín ; con un prólogo de Eduardo Ibarra. |
| 260 ## - PUBLICACIÓN, DISTRIBUCIÓN, ETC. | |
| Lugar de publicación, distribución, etc. | Madrid : |
| Nombre del editor, distribuidor, etc. | Justo López, |
| Fecha de publicación, distribución, etc. | 1929. |
| 300 ## - DESCRIPCIÓN FÍSICA | |
| Extensión | 180 p. : |
| Otras características físicas | il. ; |
| Dimensiones | 21 cm. |
| 650 04 - PUNTO DE ACCESO ADICIONAL DE MATERIA--TÉRMINO DE MATERIA | |
| Término de materia o nombre geográfico como elemento de entrada | Obispos- |
| Subdivisión geográfica | Navarra (Comunidad Autónoma) |
| 9 (RLIN) | 15656 |
| 650 #7 - PUNTO DE ACCESO ADICIONAL DE MATERIA--TÉRMINO DE MATERIA | |
| Término de materia o nombre geográfico como elemento de entrada | Obispos- |
| Subdivisión geográfica | Aragón |
| Fuente del encabezamiento o término | |
| 9 (RLIN) | 166986 |
| 700 1# - ENTRADA AGREGADA--NOMBRE PERSONAL | |
| Nombre de persona | Ibarra y Rodríguez, Eduardo, |
| Fechas asociadas al nombre | 1866-1944 |
| 9 (RLIN) | 64967 |
| 852 ## - LOCALIZACIÓN | |
| Ubicación | ES-MaACL |
| Número de control de estantería | B-645 |
| Estatus retirado | Estado de pérdida | Estado de daño | No para préstamo | Biblioteca de origen | Biblioteca actual | Ubicación en estantería | Fecha de adquisición | Fuente de adquisición | Total de préstamos | Signatura topográfica completa | Código de barras | Visto por última vez | Precio de reemplazo | Tipo de ítem Koha |
|---|---|---|---|---|---|---|---|---|---|---|---|---|---|---|
| Biblioteca del Ateneo de Madrid | Biblioteca del Ateneo de Madrid | Sala Pardo Bazán | 17/01/2008 | B-645 | 1074589 | 23/02/2023 | 23/02/2023 | Libro impreso |
